Biggest American Cities that start with E on a Map - Statistics

General Stats
  • This quiz has been taken 316 times
  • The average score is 6 of 12
Answers on the Map
Answers color-coded by a green-red scale on the quiz's map according to % correct below.
 
Answer Stats
Population City % Correct
678,815 El Paso
99%
176,654 Eugene
77%
117,298 Evansville
59%
110,629 Everett
53%
137,298 Elizabeth
51%
107,588 Edison
41%
114,797 Elgin
38%
151,038 Escondido
38%
176,124 Elk Grove
35%
100,243 Edinburg
29%
106,215 El Cajon
26%
109,450 El Monte
19%
No matching quizzes found
Score Distribution
Percent of People with Each Score
Percentile by Number Answered
Your Score History
You have not taken this quiz